Statistics for Gilmore Girls Random Trivia Part 3

Click here to take the quiz!

General Stats

  • This quiz has been taken 814 times
    (543 since last reset)
  • The average score is 10 of 15

Answer Stats

QuestionAnswer% Correct
What item did Emily’s dancer she rented have a strong connection with?Magic 8 Ball
85%
How many phones does Rory have in the revival?4
82%
What was the ingredient that Emily ran out of making the special drink at the Harvard vs. Yale game?Celery
79%
What was the excuse Rory told her college date in order to not have to sit next to him?Draft
76%
What did Dean ask Rory just before inviting her and Lorelai to his wedding?Chicken or beef
73%
What was the name of the women Jason Styles took to the event while dating Lorelai?Crystal
73%
What did Rory and Lorelai do when they hadn't seen each other in a long time to "recognize" each other?Wear a rose
73%
What food did Emily put in Lorelai's martini instead of olives?Onions
69%
What did Luke say Taylor made him do when he was little in the Boy Scouts?Glue rocks together
60%
What joke does Emily make that leaves Lorelai appalled?Nazi joke
60%
What food did Lorelai try to give Jason’s dog, Cyrus one morning she was visiting? REMEMBER TO TAKE THE NEXT LEVEL QUIZBacon
59%
What shirt was Lorelai wearing to the teacher meeting with Mr. Madena?B 52’s
57%
What color dress was Rory wearing when she goes on an interview in the revival?Red
41%
What did Luke get mad at Rory for eating while he was making their food?Mini powdered donuts
35%
What fruit was sitting in a bowl on the stove that Rory noticed as she was talking about how there was real food in the house?Tomatoes
29%

Score Distribution

Percentile by Number Answered

Percent of People with Each Score

Your Score History

You have not taken this quiz since the last reset